Point de vue

Salvato in:
Dettagli Bibliografici
Autore principale: Blais, Réjean
Natura: Libro
Pubblicazione: Guérin 1987
Tags: Aggiungi Tag
Nessun Tag, puoi essere il primo ad aggiungerne! !
Thư viện lưu trữ: Mạng thư viện Đại học Đà Nẵng
LEADER 00745nam a2200241 a 4500
001 000041360
003 12497
005 20171030155812.0
008 171030s1987
040 |a LNN 
082 0 |a 448  |b SI-J 
100 1 |a Blais, Réjean 
245 0 0 |a Point de vue  |c Jean-Paul Simard, Réjean Blais. 
260 |b Guérin  |c 1987 
OWN |a LNN 
AVA |a UDN50  |b LNN  |d 448 SI-J  |e available  |t Error 5001 Not defined in file expand_doc_bib_avail.  |f 1  |g 0  |h N  |i 0  |k 1 
999 |a From the UDN01 
AVA |a UDN50  |b LNN  |d 448 SI-J  |e available  |t Error 5001 Not defined in file expand_doc_bib_avail.  |f 1  |g 0  |h N  |i 0  |k 1 
TYP |a Monograph 
TYP |a Printed language 
980 |a Mạng thư viện Đại học Đà Nẵng